[Event "COL-ch U14 Girls"]
[Site "Barranquilla"]
[Date "2024.04.12"]
[Round "3"]
[White "Bertel Perez, Natalia"]
[Black "Hernandez Arboleda, Rebeca"]
[Result "1-0"]
[WhiteElo "1580"]
[BlackElo "1464"]
[PlyCount "24"]
[EventDate "2024.04.11"]
[EventType "swiss"]
[EventRounds "7"]
[EventCountry "COL"]
[SourceTitle "CB18_2024"]
[SourceDate "2024.05.01"]
[SourceVersion "1"]
[SourceVersionDate "2024.05.01"]
[SourceQuality "2"]

1. e4 e5 2. Nf3 Nc6 3. d4 exd4 4. Nxd4 Nf6 5. Nc3 Bb4 6. Nxc6 bxc6 7. f3 0-0 8. Be2 d5 9. Bd3 Re8 10. 0-0 Bc5+ 11. Kh1 Rb8 12. Rb1 Bd4 1-0

[Event "COL-ch (Women)"]
[Site "Cartagena"]
[Date "2023.06.08"]
[Round "1"]
[White "Bertel Perez, Natalia"]
[Black "Brito Carrascal, Isabela"]
[Result "0-1"]
[WhiteElo "1359"]
[BlackElo "1575"]
[PlyCount "64"]
[EventDate "2023.06.08"]
[EventType "swiss"]
[EventRounds "9"]
[EventCountry "COL"]
[SourceTitle "CBM 215 Extra"]
[Source "ChessBase"]
[SourceDate "2023.09.30"]
[SourceVersion "1"]
[SourceVersionDate "2023.09.30"]
[SourceQuality "1"]

1. d4 Nf6 2. c4 e6 3. Nf3 b6 4. e3 Bb7 5. Be2 Ne4 6. Nbd2 Bb4 7. 0-0 0-0 8. a3 Bxd2 9. Nxd2 f5 10. f3 Nxd2 11. Qxd2 d6 12. b4 Nd7 13. Bb2 Rf6 14. d5 e5 15. f4 Rg6 16. g3 e4 17. Rf2 Nf6 18. Bxf6 Rxf6 19. Ra2 Bc8 20. h4 h6 21. Bd1 g5 22. fxg5 hxg5 23. hxg5 Rg6 24. Rg2 Qxg5 25. Kf2 Bd7 26. Qe2 Rh6 27. Ke1 Rf8 28. Bb3 Rf7 29. Qf2 Rg7 30. Qf4 Qf6 31. Kf2 Rg4 32. Qxh6 Qxh6 0-1

[Event "COL-ch (Women)"]
[Site "Cartagena"]
[Date "2023.06.08"]
[Round "2"]
[White "Mercado Maestre, Maria Angel"]
[Black "Bertel Perez, Natalia"]
[Result "1-0"]
[WhiteElo "1399"]
[BlackElo "1359"]
[PlyCount "73"]
[EventDate "2023.06.08"]
[EventType "swiss"]
[EventRounds "9"]
[EventCountry "COL"]
[SourceTitle "CBM 215 Extra"]
[Source "ChessBase"]
[SourceDate "2023.09.30"]
[SourceVersion "1"]
[SourceVersionDate "2023.09.30"]
[SourceQuality "1"]

1. d4 d5 2. c4 e6 3. Nc3 Nf6 4. cxd5 exd5 5. Bg5 Be7 6. e3 c6 7. Qc2 h6 8. Bf4 Bd6 9. Bxd6 Qxd6 10. Nf3 Be6 11. Bd3 Nbd7 12. 0-0 0-0 13. Rab1 b5 14. e4 Qe7 15. e5 Ne8 16. Ne2 Nb8 17. h3 f5 18. Nf4 Qf7 19. Nh4 g5 20. Nxe6 gxh4 21. Nxf8 Kxf8 22. Bxf5 Ng7 23. Bg6 Qe7 24. f4 Ne6 25. Rbd1 Qd7 26. f5 Ng5 27. f6 Qe6 28. Qc5+ Kg8 29. f7+ Nxf7 30. Bxf7+ Qxf7 31. Rxf7 Kxf7 32. Rf1+ Kg6 33. Qd6+ Kg7 34. Qf6+ Kh7 35. Qf8 h5 36. Rf7+ Kg6 37. Qg7# 1-0

[Event "COL-ch U14 Girls"]
[Site "Cartagena"]
[Date "2023.04.16"]
[Round "6"]
[White "Bertel Perez, Natalia"]
[Black "Diaz Gonzalez, Ana Sofia"]
[Result "0-1"]
[WhiteElo "1334"]
[BlackElo "1434"]
[PlyCount "46"]
[EventDate "2023.04.13"]
[EventType "swiss"]
[EventRounds "7"]
[EventCountry "COL"]
[SourceTitle "CBM 213 Extra"]
[Source "ChessBase"]
[SourceDate "2023.05.31"]
[SourceVersion "1"]
[SourceVersionDate "2023.05.31"]
[SourceQuality "1"]

1. c4 e5 2. Nc3 Nf6 3. g3 c6 4. e3 d5 5. cxd5 cxd5 6. d4 e4 7. Nge2 Bg4 8. Bg2 Nc6 9. a3 Be7 10. 0-0 Qd7 11. Kh1 0-0 12. Qe1 g5 13. Ng1 Qe6 14. h3 Bf5 15. Bd2 g4 16. h4 Nd7 17. Nce2 Qh6 18. Nf4 Bxh4 19. Kh2 Bg5+ 20. Nfh3 gxh3 21. Bxh3 Bxh3 22. Nxh3 Nxd4 23. exd4 Bxd2 0-1